| 000 | 00350nam a2200145Ia 4500 | ||
|---|---|---|---|
| 008 | 191201s2001 xx 000 0 und d | ||
| 082 |
_a005.43 _bMIO |
||
| 100 | _aMILENKOVIC, Milon | ||
| 245 | 0 | _aOperating Systems: Concepts and Design | |
| 250 | _a2nd | ||
| 260 |
_aN.Delhi _bTMH _c2001 |
||
| 300 | _a755 | ||
| 650 | _aB.Tech(CSE) | ||
| 942 |
_2ddc _cBK |
||
| 999 |
_c1741 _d1741 |
||